00609njm a22001457a 450000500170000000800410001704100080005824500490006626000250011530000130014030000180015350502500017165000210042165000210044220220720143743.0190301b xxu||||| |||| 00| 0 spa d aspa aBailes de salón latinos paso a paso: Samba bNaimara Producciones a1 CD-ROM a55:59 minutos a1. Brasil. 2. Copacabana. 3. Beach Samba. 4. Samba do veloso. 5. Samba de uma nota. 6. Samba nao brinqueno. 7. Agua de beber. 8. Samba en paz. 9. Escolas de Bahia. 10. Casa Samba. 11. Disco Samba. 12. The girl of Ipanema. 13. Carnaval, carnaval. aMÚSICA POPULAR aSAMBA (MÚSICA)